00890nam a2200217 a 450000100100000000500170001000800410002702000180006804000250008608200150011110000320012624501670015826000720032530000200039749000290041750400300044670000300047683000360050695201130054299900170065500004069820201002034319.0130905s2007 dr r 000 0 spa d a9789945443073 aDO-SdBNPbspacBNPHU axxxxbxxxx1 aFuentes Brito, Frank96706913aDinámica del pass-through de tipo de cambio en economías pequeñas y abiertas :bel caso de República Dominicana /cFrank Fuentes Brito, Omar Mendoza Lugo. aSanto Domingo :bBanco Central de la República Dominicana,c2007. a58 p. ;c28 cm.1 aEstudios económicosv1 aBibliografía : p. 43-461 aMendoza Lugo, Omar967070 0aEstudios económicosn1967071 0010718PDaPDbPDcHDd2013-09-05iLF1l0oxxxx xxxxp40698-10r2020-06-25w2020-06-25yLFPDZNo se presta c40188d40188